00946nam a2200205 a 450000100100000000500170001000800410002704000250006808200150009310000260010824500630013426000720019730000220026949000300029183000370032104900090035895201790036795201770054699900170072300003134620200930062851.0110620s1925 dr 000 0 spa d aDO-SdBNPbspacBNPHU axxxxbO81g1 aOscar, Armando92426913aLa góndola azul :bfantasia en 2 actos /cArmando Oscar. aSan pedro de Macoris, República Dominicana :bLa Nación,c1925. a[72 p.] ;c16 cm.1 aBiblioteca del paladión 0aBiblioteca del paladión957784 aBNPD 0010718PDaPDbPDcCTd2011-06-20iLF1l0oxxxx O81gp31346-10r2020-06-25w2020-06-25yLFPDzPerteneció a la biblioteca personal de F. Henriquez y CarvajalZNo se presta 0010718PDaPDbPDcCTd2011-06-22iLF1l0oxxxx O81gp31346-20r2020-06-25te. 2w2020-06-25yLFPDzPerteneció a la biblioteca personal de Martínez BoogZNo se presta c30838d30838